| 000 | 00581nam a22001817a 4500 | ||
|---|---|---|---|
| 008 | 140324b xxu||||| |||| 00| 0 eng d | ||
| 020 | _a9789988848965 | ||
| 050 | _aPE1106.Ad4 | ||
| 082 | _22nd ed. | ||
| 100 | _aAdika, Gordon S.K | ||
| 245 |
_aDeviant usage and confusing words. / _cGordon S.K. Adika |
||
| 260 |
_aAccra: _bBlack Mask Ltd, _c2011. |
||
| 300 |
_avii,124p. _bill; _c23cm. |
||
| 500 | _aIncludes index and bibliographical references. | ||
| 505 | _aContents: Grammar and usage -- Homophones and confusing words -- | ||
| 650 | _aEnlish Language | ||
| 942 |
_2lcc _cBK |
||
| 999 |
_c2748 _d10248 |
||